[Event "Tastrup"]
[Site "Tastrup"]
[Date "1992.??.??"]
[Round "?"]
[White "Van Wely, Loek"]
[Black "Hutters, Tomas"]
[Result "1/2-1/2"]
[WhiteElo "2560"]
[BlackElo "2445"]
[PlyCount "82"]
[EventDate "1992.02.??"]
[EventType "tourn"]
[EventRounds "9"]
[EventCountry "DEN"]
[EventCategory "13"]
[Source "ChessBase"]
[SourceDate "1992.06.01"]

1. d4 d5 2. Nf3 Nf6 3. c4 dxc4 4. Nc3 c6 5. a4 Bf5 6. e3 e6 7. Bxc4 Bb4 8. O-O
Nbd7 9. Qe2 Bg6 10. e4 Bxc3 11. bxc3 Nxe4 12. Ba3 Qc7 13. Nd2 Nxd2 14. Qxd2 c5
15. d5 O-O 16. dxe6 Ne5 17. Qf4 Rac8 18. Bd5 Nd3 19. Qxc7 Rxc7 20. f4 fxe6 21.
Bxe6+ Bf7 22. f5 b6 23. Rad1 Bxe6 24. fxe6 Nf4 25. Rfe1 Re8 26. a5 Rxe6 27.
Rxe6 Nxe6 28. Rd6 Nf4 29. c4 bxa5 30. Ra6 Nd3 31. Rxa5 Ne5 32. Bxc5 Nxc4 33.
Rb5 a5 34. Bd4 a4 35. Kf2 a3 36. Ke2 Kf7 37. Kd3 a2 38. Rf5+ Ke6 39. Rf2 Ne5+
40. Bxe5 Kxe5 41. Rxa2 Rd7+ 1/2-1/2

[Event "Tastrup"]
[Site "Tastrup"]
[Date "1992.??.??"]
[Round "?"]
[White "Van Wely, Loek"]
[Black "Chernin, Alexander"]
[Result "1/2-1/2"]
[WhiteElo "2560"]
[BlackElo "2620"]
[PlyCount "56"]
[EventDate "1992.02.??"]
[EventType "tourn"]
[EventRounds "9"]
[EventCountry "DEN"]
[EventCategory "13"]
[Source "ChessBase"]
[SourceDate "1992.06.01"]

1. d4 d5 2. Nf3 c6 3. c4 Nf6 4. Nc3 dxc4 5. a4 Bf5 6. Nh4 e6 7. Nxf5 exf5 8. e3
Bd6 9. Bxc4 O-O 10. Qf3 Qd7 11. h3 c5 12. O-O cxd4 13. exd4 Nc6 14. Rd1 Rfe8
15. Bf4 Rad8 16. Bb5 Bxf4 17. Qxf4 a6 18. d5 axb5 19. dxc6 Qxc6 20. axb5 Qc5
21. Rxd8 Rxd8 22. Rc1 Kf8 23. Re1 g6 24. g4 Rd4 25. Qf3 Ne4 26. Nxe4 Rxe4 27.
Rxe4 fxe4 28. Qxe4 Qxb5 1/2-1/2

[Event "Tastrup"]
[Site "Tastrup"]
[Date "1992.??.??"]
[Round "?"]
[White "Van Wely, Loek"]
[Black "Hansen, Curt"]
[Result "0-1"]
[WhiteElo "2560"]
[BlackElo "2620"]
[PlyCount "88"]
[EventDate "1992.02.??"]
[EventType "tourn"]
[EventRounds "9"]
[EventCountry "DEN"]
[EventCategory "13"]
[Source "ChessBase"]
[SourceDate "1992.06.01"]

1. d4 Nf6 2. Nf3 e6 3. g3 b5 4. Bg2 Bb7 5. O-O c5 6. c3 h6 7. Qd3 a6 8. Nbd2
cxd4 9. cxd4 Be7 10. e4 d6 11. Re1 Nc6 12. a3 O-O 13. b3 b4 14. a4 a5 15. h3
Nb8 16. Bb2 Nbd7 17. Rac1 d5 18. e5 Ne4 19. Nh2 f5 20. exf6 Ndxf6 21. Ndf3 Bd6
22. Qe3 Rc8 23. Ne5 Nd7 24. Nd3 Qe7 25. Nf3 Ba6 26. Nfe5 Rxc1 27. Rxc1 Bxe5 28.
Nxe5 Nxe5 29. Bxe4 dxe4 30. dxe5 Bb7 31. Qb6 Bd5 32. Bd4 e3 33. Bxe3 Qf7 34.
Kh2 Qf3 35. Rg1 Rc8 36. Qxa5 Rc2 37. Qb6 Rb2 38. a5 Kh7 39. Qd4 Rxb3 40. a6 Be4
41. a7 Rd3 42. Qc5 Rd1 43. a8=Q Qh1+ 44. Rxh1 Rxh1# 0-1

[Event "Tastrup"]
[Site "Tastrup"]
[Date "1992.??.??"]
[Round "?"]
[White "Wahls, Matthias"]
[Black "Hutters, Tomas"]
[Result "1-0"]
[WhiteElo "2570"]
[BlackElo "2445"]
[PlyCount "91"]
[EventDate "1992.02.??"]
[EventType "tourn"]
[EventRounds "9"]
[EventCountry "DEN"]
[EventCategory "13"]
[Source "ChessBase"]
[SourceDate "1992.06.01"]

1. e4 c5 2. Nf3 Nc6 3. Bb5 e6 4. O-O Nge7 5. c3 d5 6. exd5 Qxd5 7. Re1 Bd7 8.
Na3 Ng6 9. Bf1 Rc8 10. Nc2 Be7 11. d4 cxd4 12. Ncxd4 Nxd4 13. Nxd4 a6 14. Qb3
Qxb3 15. axb3 Bc5 16. Be3 e5 17. Nc2 Bxe3 18. Nxe3 O-O 19. Nc4 Be6 20. Nd6 Rc7
21. b4 Rd8 22. Ne4 Kf8 23. g3 f6 24. h4 Kf7 25. Nc5 Nf8 26. Rad1 Rxd1 27. Rxd1
Ke7 28. Nxe6 Nxe6 29. Bg2 Nd8 30. Kf1 Rd7 31. Rb1 f5 32. Ke2 Nf7 33. Ra1 e4 34.
Ra5 Kf6 35. Rxf5+ Kxf5 36. Bh3+ Ke5 37. Bxd7 Nd6 38. b3 Kd5 39. Ke3 Ke5 40. c4
g6 41. g4 Nf7 42. c5 Nd8 43. g5 Nc6 44. Bc8 Nd8 45. Bh3 Nc6 46. Bg2 1-0

[Event "Tastrup"]
[Site "Tastrup"]
[Date "1992.??.??"]
[Round "?"]
[White "Wahls, Matthias"]
[Black "Romanishin, Oleg M"]
[Result "1/2-1/2"]
[WhiteElo "2570"]
[BlackElo "2595"]
[PlyCount "39"]
[EventDate "1992.02.??"]
[EventType "tourn"]
[EventRounds "9"]
[EventCountry "DEN"]
[EventCategory "13"]
[Source "ChessBase"]
[SourceDate "1992.06.01"]

1. e4 e5 2. Nf3 Nc6 3. Bb5 a6 4. Ba4 Nf6 5. O-O Be7 6. Re1 b5 7. Bb3 d6 8. c3
O-O 9. h3 Na5 10. Bc2 c5 11. d4 Nc6 12. d5 Na5 13. b3 g6 14. Bh6 Re8 15. Nbd2
Bd7 16. a4 Qc7 17. Qe2 Bf8 18. Be3 Nh5 19. axb5 Bxb5 20. Bd3 1/2-1/2

[Event "Tastrup"]
[Site "Tastrup"]
[Date "1992.??.??"]
[Round "?"]
[White "Wahls, Matthias"]
[Black "Chernin, Alexander"]
[Result "1-0"]
[WhiteElo "2570"]
[BlackElo "2620"]
[PlyCount "79"]
[EventDate "1992.02.??"]
[EventType "tourn"]
[EventRounds "9"]
[EventCountry "DEN"]
[EventCategory "13"]
[Source "ChessBase"]
[SourceDate "1992.06.01"]

1. e4 d6 2. Nc3 c6 3. f4 d5 4. d3 dxe4 5. dxe4 Qxd1+ 6. Nxd1 Nf6 7. Nf2 g6 8.
Nf3 Bg7 9. Bd3 O-O 10. h3 Nfd7 11. c3 Nc5 12. Bc2 f5 13. Be3 Nba6 14. O-O-O Be6
15. exf5 gxf5 16. Kb1 Bd5 17. Nd4 e6 18. Rhg1 Ne4 19. Nxe4 fxe4 20. Ne2 Bh6 21.
g4 e5 22. g5 Bg7 23. Rgf1 Bc4 24. Bb3 Bxb3 25. axb3 exf4 26. Rxf4 Nc7 27. Rxe4
Rfe8 28. Ng3 Rxe4 29. Nxe4 Re8 30. Bd4 Rd8 31. Nf6+ Bxf6 32. gxf6 Kf7 33. Rg1
Ne6 34. Be5 Rd3 35. h4 Re3 36. Bb8 Kxf6 37. Bxa7 Re4 38. Bf2 h5 39. Kc1 Nf4 40.
Kd1 1-0

[Event "Tastrup"]
[Site "Tastrup"]
[Date "1992.??.??"]
[Round "?"]
[White "Wahls, Matthias"]
[Black "Hansen, Curt"]
[Result "1/2-1/2"]
[WhiteElo "2570"]
[BlackElo "2620"]
[PlyCount "41"]
[EventDate "1992.02.??"]
[EventType "tourn"]
[EventRounds "9"]
[EventCountry "DEN"]
[EventCategory "13"]
[Source "ChessBase"]
[SourceDate "1992.06.01"]

1. e4 d5 2. exd5 Qxd5 3. Nc3 Qa5 4. d4 Nf6 5. Nf3 Bf5 6. Bc4 e6 7. Bd2 c6 8.
Qe2 Bb4 9. Ne5 Nbd7 10. Nxd7 Nxd7 11. a3 Bxc3 12. Bxc3 Qc7 13. O-O O-O 14. Ba2
Rfe8 15. Rfe1 h6 16. Rad1 Nf6 17. b3 Nd5 18. Bb2 Nf4 19. Qd2 Rad8 20. Re5 Ng6
21. Re3 1/2-1/2